000 00514nam a22001817a 4500
005 20251108172722.0
008 250721s1986 xx 000 0 ara d
082 1 4 _a915.61/كيا
100 1 _aكيال، منير
_eمؤلف
245 1 0 _aالحمامات الدمشقية /
264 1 _aدمشق :
_c1986.
300 _a350ص
650 1 7 _aتاريخ سورية
650 1 7 _aالآثار القديمة
650 1 7 _aمرافق الإستحمامات العامة
942 _2ddc
_cBK
999 _c86758
_d86758